| 000 | 01260nas a2200253 i 4500 | ||
|---|---|---|---|
| 005 | 20260303104742.0 | ||
| 007 | ta | ||
| 008 | 260303e1956 dr mn|p|r||||||0| | spa d | ||
| 040 |
_aDO-SdBNP _bspa _cBNPHU _erda |
||
| 041 | _hspa | ||
| 100 | 1 |
_aMarrero Aristy, Ramón, _d1913-1959 _922324 _edirector |
|
| 245 |
_aBabeque / _cRamón Marrero Aristy. |
||
| 264 |
_aCiudad Trujillo, República Dominicana : _bMario Ferretti, _c1956-. |
||
| 300 |
_avolumen : _bilustraciones, fotografías ; _c36 cm. |
||
| 310 | _aMensual. | ||
| 336 |
_atexto _btxt _2rdacontent |
||
| 337 |
_asin mediación _bn _2rdamedia |
||
| 338 |
_avolumen _bnc _2rdacarrier |
||
| 362 | _aAño I, Núm. 1, junio 1956. | ||
| 500 | _aCatalogación basada en el: Año I, Núm. 1, 1956. | ||
| 520 | _aRevista Babeque, director Ramón Marrero Aristy, subdirector Dr. Alberto Malagón. Acogida a la franquicia postal interna por Resolución de la Dirección General de Comunicaciones de fecha 25 de junio de 1956. Impresa en los talleres de la Editora del Caribe, C. por A. Dicha revista tenía un enfoque internacional. El primer número de la revista se publicó el 16 de mayo de 1956. | ||
| 650 |
_92834 _aLiteratura _vPublicaciones periódicas _zRepública Dominicana |
||
| 942 |
_2ddc _cISSUE |
||
| 999 |
_c60411 _d60411 |
||